000 00926nam a2200289 a 4500
001 49726
003 BD-RjUL
005 20211209054723.0
008 160822s1932 enk 001 0 eng d
035 _a(BD-RjUL)49846
040 _aDLC
_cERE
_dOCL
_dEQO
_dBD-RjUL
_beng
041 _aeng
082 _a371.425
_223
_bMAT 1932
100 1 _aMacrae, Angus.
_9149089
245 1 0 _aTalents and temperaments :
_bthe psychology of vocational guidance /
_cby Angus Macrae
260 _aLondon :
_bNisbet & co. ltd,
_c1932
300 _ax, 210 p. ;
_c20 cm.
490 1 _aContemporary library of psychology
500 _aInclude index
650 0 _aCharacter tests
_9149091
650 0 _aVocational guidance.
_9149106
740 4 _aThe psychology of vocational guidance
740 0 _aVocational guidance, The psychology of
830 0 _aContemporary library of psychology
_9149092
942 _2ddc
_cBK
999 _c49726
_d49726